<?xml version="1.0" encoding="UTF-8"?>
<marc:record xmlns:marc="http://www.loc.gov/MARC21/slim">
   <marc:leader>00000nam a2200000 a 4500</marc:leader>
   <marc:datafield ind1="1" ind2=" " tag="100">
      <marc:subfield code="a">Ullrich, Hortense</marc:subfield>
      <marc:subfield code="4">aut</marc:subfield>
      <marc:subfield code="e">Verfasser/-in</marc:subfield>
   </marc:datafield>
   <marc:datafield ind1="0" ind2="0" tag="245">
      <marc:subfield code="a">Filippa Funkelfee</marc:subfield>
   </marc:datafield>
   <marc:datafield ind1="0" ind2="0" tag="245">
      <marc:subfield code="c">Hortense Ullrich. Mit Ill. von Iris Hardt</marc:subfield>
   </marc:datafield>
   <marc:datafield ind1=" " ind2="1" tag="264">
      <marc:subfield code="a">München</marc:subfield>
      <marc:subfield code="b">cbj</marc:subfield>
      <marc:subfield code="c">2011</marc:subfield>
   </marc:datafield>
   <marc:datafield ind1=" " ind2=" " tag="250">
      <marc:subfield code="a">1. Aufl.</marc:subfield>
   </marc:datafield>
   <marc:datafield ind1="1" ind2=" " tag="520">
      <marc:subfield code="a">Angaben aus der Verlagsmeldung

Filippa Funkelfee - Zauberalarm im Klassenzimmer : Band 1 / von Hortense Ullrich

Was ist nur mit Frieda los? Frieda hatte ja schon immer eine blühende Fantasie – aber plötzlich spricht sie mit sich selbst und behauptet, Besuch von einer Fee zu haben! Kein Wunder, dass sie alle für verrückt halten. Wer kann auch schon ahnen, dass hier tatsächlich eine vorwitzige Fee namens Filippa ihr Unwesen treibt – und ziemlich frischen Wind ins Familienleben bringt …

Als Frieda eines Morgens ein winziges Mädchen in Jeans und Turnschuhen auf ihrem Kopfkissen findet, traut sie ihren Augen kaum – und erst recht nicht ihren Ohren, als das energische Persönchen behauptet, eine Fee zu sein! Nicht genug damit, dass das freche Ding einen Gummibären zum Frühstück fordert: Filippa verlangt auch noch, dass Frieda ihr bei der Suche nach … Feengold hilft! Denn das braucht Filippa dringend, um ihre Zauberkraft zu aktivieren. Als sie Frieda deshalb sogar in die Schule begleitet, ist das Chaos perfekt. Denn prompt stiftet der unsichtbare Winzling jede Menge Unfug – bis Filippa ausgerechnet mithilfe von Friedas nervigem Stiefbruder Jacob fündig wird. Und jetzt beginnt das Feenabenteuer erst so richtig …

</marc:subfield>
   </marc:datafield>
   <marc:datafield ind1=" " ind2=" " tag="020">
      <marc:subfield code="a">9783570136683</marc:subfield>
      <marc:subfield code="9">9783570136683</marc:subfield>
   </marc:datafield>
   <marc:datafield ind1=" " ind2=" " tag="041">
      <marc:subfield code="a">ger</marc:subfield>
   </marc:datafield>
   <marc:datafield ind1=" " ind2=" " tag="300">
      <marc:subfield code="a">125 S.</marc:subfield>
   </marc:datafield>
</marc:record>
